000 01243nam0a22003131 4500
001 rc\4479302
005 20130416170324.5
021 _aRU
_b[67-62713]
035 _a(NLR Aleph) 008601265
090 _a8705559
_c8705559
100 _a20130416d1967 |||y0rusy50 ca
101 0 _arus
102 _aRU
105 _aa z |||a|
200 1 _aТайна римского саркофага
_e[Повесть об А.А. Кубышкине
_fИл.: В. Аверкиев]
210 _aПермь
_cКн. изд-во
_d1967
215 _a213 с.
_cил.
_d17
225 1 _a[Библиотека путешествий и приключений
_vВып. 30]
606 _aСоветско-итальянские отношения
_2psbo
606 _aДвижение сопротивления в Италии 1943-1945 гг.
_2psbo
606 _aГероизм советского народа (х. л.)
_2psbo
700 1 _aКузнецов
_bА. С.
_f1917-
_gАфанасий Семенович
702 1 _aКубышкин
_bА. А.
_gАлексей Афанасьевич
_4570
702 1 _aАверкиев
_bВ.
_4440
801 0 _aRU
_bNLR
_gpsbo
801 1 _aRU
_bELAR
_2rusmarc
852 _aNLR
_j67-3/2201
942 _cBOOK
980 _aNB